Top 200 UEFA Club Coefficients 22/23 (HARD) - Statistics

General Stats
  • This quiz has been taken 421 times
    335 since last reset
  • The average score is 107 of 200
Answer Stats
Answer % Correct
2 GER FC Bayern München
98%
1 ENG Manchester City FC
98%
4 ENG Liverpool FC
97%
6 FRA Paris Saint-Germain
97%
5 ESP Real Madrid CF
97%
3 ENG Chelsea FC
95%
7 ENG Manchester United
95%
36 ITA AC Milan
94%
12 NED AFC Ajax
94%
9 ESP FC Barcelona
94%
11 ITA FC Internazionale Milano
94%
8 ITA Juventus
94%
23 ENG Arsenal FC
93%
15 ESP Club Atlético de Madrid
93%
13 GER Borussia Dortmund
92%
10 ITA AS Roma
91%
20 POR FC Porto
91%
53 FRA Olympique de Marseille
90%
26 FRA Olympique Lyonnais
90%
14 ESP Sevilla FC
90%
17 POR SL Benfica
90%
21 ENG Tottenham Hotspur
90%
34 NED Feyenoord
88%
32 POR Sporting Clube de Portugal
88%
19 ITA SSC Napoli
88%
57 SCO Celtic FC
87%
31 SCO Rangers FC
87%
55 TUR Galatasaray AŞ
86%
42 ITA SS Lazio
86%
109 CZE AC Sparta Praha
85%
24 GER Bayer 04 Leverkusen
85%
50 UKR FC Dynamo Kyiv
85%
41 NED PSV Eindhoven
85%
27 AUT FC Salzburg
84%
16 GER RB Leipzig
84%
25 UKR FC Shakhtar Donetsk
83%
29 CRO GNK Dinamo Zagreb
83%
45 ESP Valencia CF
83%
59 FRA LOSC Lille
82%
18 ESP Villarreal CF
81%
51 SUI BSC Young Boys
80%
58 TUR Fenerbahçe SK
80%
28 ITA Atalanta BC
79%
22 GER Eintracht Frankfurt
79%
35 SUI FC Basel 1893
79%
44 DEN F.C. Copenhagen
79%
83 POL KKS Lech Poznań
79%
39 POR SC Braga
79%
40 ENG West Ham United FC
79%
54 RUS FC Zenit
78%
43 SRB FK Crvena zvezda
78%
46 GRE Olympiacos FC
78%
30 BEL Club Brugge
77%
60 FRA AS Monaco FC
76%
47 BEL KAA Gent
76%
71 ISR Maccabi Tel-Aviv FC
76%
33 CZE SK Slavia Praha
76%
86 RUS FC Spartak Moskva
75%
52 ESP Real Sociedad de Fútbol
75%
94 GER 1. FC Union Berlin
74%
111 TUR Beşiktaş JK
74%
65 SWE Malmö FF
74%
85 AUT SK Rapid Wien
74%
105 RUS PFC CSKA Moskva
73%
48 ESP Real Betis Balompié
73%
92 ITA ACF Fiorentina
72%
136 ROU FCSB
72%
72 ENG Leicester City FC
72%
139 GRE AEK Athens FC
71%
37 NED AZ Alkmaar
71%
90 BEL KRC Genk
71%
38 FRA Stade Rennais FC
71%
82 BEL Union Saint-Gilloise
71%
79 GER VfL Borussia Mönchengladbach
71%
67 GRE PAOK FC
69%
73 GER VfL Wolfsburg
69%
69 SVK ŠK Slovan Bratislava
67%
117 FRA FC Nantes
66%
97 GER FC Schalke 04
66%
93 FRA OGC Nice
65%
64 SRB FK Partizan
64%
108 CYP APOEL FC
63%
96 BEL Royal Antwerp FC
63%
66 AZE Qarabağ FK
62%
101 GER 1. FC Köln
61%
62 HUN Ferencvárosi TC
61%
113 ISR Maccabi Haifa FC
61%
121 FRA FC Girondins de Bordeaux
60%
75 RUS FC Lokomotiv Moskva
60%
74 CZE FC Viktoria Plzeň
60%
135 FIN HJK Helsinki
60%
153 CRO HNK Hajduk Split
60%
49 AUT LASK
60%
115 AUT SK Sturm Graz
60%
110 KAZ FC Astana
59%
81 MDA FC Sheriff Tiraspol
59%
190 AUT FK Austria Wien
59%
61 ROU CFR 1907 Cluj
58%
114 BUL PFC CSKA-Sofia
58%
104 BEL R. Standard de Liège
58%
70 NOR Molde FK
57%
89 ESP RCD Espanyol
57%
84 GER TSG 1899 Hoffenheim
57%
76 ENG Wolverhampton Wanderers FC
57%
173 SCO Aberdeen FC
56%
137 POL Legia Warszawa
56%
127 TUR Trabzonspor AŞ
56%
88 ESP Getafe CF
55%
106 ITA Torino FC
55%
144 SWI FC Zürich
54%
179 SCO Heart of Midlothian FC
54%
56 TUR İstanbul Başakşehir
54%
138 NOR Rosenborg BK
54%
63 DEN FC Midtjylland
52%
80 NOR FK Bodø/Glimt
52%
78 BUL PFC Ludogorets 1945
52%
100 GER SC Freiburg
52%
123 NED FC Twente
49%
143 CYP Omonoia FC
49%
129 FRA AS Saint-Étienne
48%
68 RUS FC Krasnodar
47%
126 NED FC Utrecht
47%
118 FRA Stade de Reims
47%
134 LTU FK Žalgiris Vilnius
43%
120 FRA RC Strasbourg Alsace
42%
107 BLR FC BATE Borisov
41%
146 LVA Riga FC
41%
130 POR Vitória SC
41%
149 DEN Brøndby IF
40%
180 SCO Dundee United FC
40%
87 ESP Granada CF
40%
148 SVN NK Maribor
40%
77 ENG Burnley FC
37%
166 UKR Dnipro-1
37%
141 EST FC Flora Tallinn
36%
152 IRL Shamrock Rovers FC
36%
194 SWE AIK
35%
160 LIE FC Vaduz
35%
102 CYP Apollon Limassol FC
34%
124 NED Vitesse
34%
186 GRE Aris Thessaloniki FC
33%
128 CRO HNK Rijeka
33%
91 BEL RSC Anderlecht
33%
189 BIH FK Sarajevo
32%
95 ISR Hapoel Beer-Sheva FC
32%
158 SVN NK Olimpija Ljubljana
31%
98 SWE Djurgårdens IF
29%
156 KAZ FC Kairat Almaty
29%
103 UKR FC Zorya Luhansk
29%
183 SCO Hibernian FC
29%
155 AZE Neftçi PFK
29%
178 GEO FC Dinamo Tbilisi
28%
163 GIB Lincoln Red Imps FC
27%
145 LUX F91 Diddeleng
26%
133 POR Rio Ave FC
26%
99 TUR Sivasspor
26%
157 WAL The New Saints FC
26%
112 AUT Wolfsberger AC
25%
142 CYP AEK Larnaca FC
24%
184 SCO Kilmarnock FC
24%
181 SCO Motherwell FC
24%
161 BIH HŠK Zrinjski
23%
165 BEL R. Charleroi SC
22%
164 IRL Dundalk FC
19%
140 SVK FC Spartak Trnava
19%
175 MNE FK Budućnost Podgorica
19%
172 CYP Anorthosis Famagusta FC
18%
159 NIR Linfield FC
18%
182 SCO St Johnstone FC
18%
125 NED Willem II
18%
132 POR CD Santa Clara
17%
170 CRO NK Osijek
17%
198 FRO B36 Tórshavn
16%
200 ARM FC Ararat
15%
116 HUN Fehérvár FC
15%
193 LVA RFS
15%
154 ROU Universitatea Craiova
15%
167 ARM FC Pyunik
14%
187 SVN NŠ Mura
14%
188 DEN Randers FC
14%
122 CZE FK Jablonec
13%
131 POR FC Paços de Ferreira
12%
129 POR Gil Vicente
12%
171 ARM Alashkert FC
9%
151 MKD KF Shkëndija
9%
192 AUT FC Admira Wacker Mödling
8%
177 LUX CS Fola Esch
7%
162 SVK FC DAC Dunajská Streda
7%
169 FRO KÍ Klaksvík
7%
199 KOS FC Drita
6%
185 MKD FC Shkupi 1927
6%
196 KAZ FC Tobol Kostanay
6%
147 LTU FK Sūduva
6%
168 BLR FC Shakhtyor Soligorsk
5%
176 MNE FK Sutjeska
5%
150 FIN KuPS Kuopio
5%
197 MDA Petrocub-Hincesti
5%
191 AUT TSV Hartberg
5%
195 MLT Hibernians FC
4%
174 ALB KF Laçi
3%
No matching quizzes found
Score Distribution
Percent of People with Each Score
Percentile by Number Answered
Your Score History
You have not taken this quiz since the last reset